Optimalizace bramového plynulého odlévání oceli za pomoci numerického modelu teplotního pole = Optimization of slab concasting via numerical model of temperature field : zkrácená verze Ph.D. Thesis /

Hlavní autor: Mauder, Tomáš, 1984-
Korporativní autor: Vysoké učení technické v Brně. Energetický ústav
Jazyk: Čeština
Vydáno: [V Brně : Vysoké učení technické], c2012
Edice: Vědecké spisy Vysokého učení technického v Brně. PhD Thesis, sv. 670
Témata:
Fyzický popis: 30 s. : il. ; 21 cm
Language note: Anglické resumé
Knihy
Uloženo v:
LEADER 02242nam a2200517 a 4500
001 nkc20122428048
003 CZ PrNK
005 20130128113801.0
007 ta
008 121122s2012 xr a f m 000 0 cze
015 |a cnb002428048 
020 |a 978-80-214-4592-5  |q (brož.) 
035 |a (OCoLC)823821820 
040 |a BOA001  |b cze  |d ABA001 
041 0 |a cze  |b eng 
072 7 |a 669  |x Metalurgie  |2 Konspekt  |9 19 
080 |a 669.18  |2 MRF 
080 |a 621.74.047  |2 MRF 
080 |a (043.3)  |2 MRF 
080 |a (048.3)  |2 MRF 
100 1 |a Mauder, Tomáš,  |d 1984-  |7 mzk2012736241  |4 dis 
245 1 0 |a Optimalizace bramového plynulého odlévání oceli za pomoci numerického modelu teplotního pole =  |b Optimization of slab concasting via numerical model of temperature field : zkrácená verze Ph.D. Thesis /  |c Tomáš Mauder 
246 3 1 |a Optimization of slab concasting via numerical model of temperature field 
260 |a [V Brně :  |b Vysoké učení technické],  |c c2012 
300 |a 30 s. :  |b il. ;  |c 21 cm 
490 1 |a Vědecké spisy Vysokého učení technického v Brně. PhD Thesis,  |x 1213-4198 ;  |v sv. 670 
500 |a "Obor: Odbor termomechaniky a techniky prostředí" 
500 |a Zkrácená verze disertace (Ph.D.)--Vysoké učení technické v Brně, Fakulta strojního inženýrství, Energetický ústav, 2012 
504 |a Obsahuje bibliografii 
546 |a Anglické resumé 
650 0 7 |a metalurgie oceli  |7 ph138273  |2 czenas 
650 0 7 |a kontinuální lití  |7 ph121818  |2 czenas 
650 0 9 |a steel metallurgy  |2 eczenas 
650 0 9 |a continuous casting  |2 eczenas 
655 7 |a disertace  |7 fd132024  |2 czenas 
655 7 |a teze  |7 fd133701  |2 czenas 
655 9 |a dissertations  |2 eczenas 
655 9 |a abstracts  |2 eczenas 
710 2 |a Vysoké učení technické v Brně.  |b Energetický ústav  |7 mzk2003195514 
810 2 |a Vysoké učení technické v Brně.  |t Vědecké spisy.  |p PhD Thesis  |0 s 
910 2 |a BOA001  |b 2-1295.460 
990 |a BK 
995 |a 01 
991 |b 201301  |c NOV  |e n 
996 6 |b 2610529974  |c 2-1295.460  |l MZK  |r Sklad / do 1 hodiny  |n 0  |p p.v.  |w 001301674  |u 000010  |a 1  |e BOA001  |j MZK50  |s P 
996 7 |b 2610529975  |c 2-1295.460  |l MZK  |r Sklad / do 1 hodiny  |n 1  |p p.v.  |w 001301674  |u 000020  |a 1  |e BOA001  |j MZK50  |s A